000 00800nam\a2200253\a\4500
001 57784
005 20260427143758.0
008 260427s2025 bg 000 0 eng
020 _a9789845066594
040 _aDLC
_beng
_erda
_cDLC
_dBD-DhIUB
082 _222
_a342.73087
_bB4699r
100 _aBhuiyan, Sharif
_97165
245 0 0 _aRevolutionary constitutionalism and why it was essential to declare the fifteenth amendment unconstitutional /
_cSharif Bhuiyan.
250 _a1st ed.
260 _aDhaka:
_bThe Universuty Press Limited,
_c2025
300 _axii, 174 pages
526 _aSL
_blaw
_lLaw
541 _aRisaam
650 0 _aConstitutional law
_96786
650 0 _aReconstruction
_97166
650 0 _aCivil rights
_97164
942 _2ddc
_cBK
999 _c57784
_d57958